Композит «керамика-полимер ZrO2-PLA» как остеозамещающий материал; Химия и химическая технология в XXI веке; Т. 2

Podrobná bibliografie
Parent link:Химия и химическая технология в XXI веке: материалы XXVI Международной научно-практической конференции студентов и молодых ученых имени выдающихся химиков Л. П. Кулёва и Н. М. Кижнера, посвященной 125-летию со дня рождения профессора Л. П. Кулёва, 19-23 мая 2025 г., г. Томск/ Национальный исследовательский Томский политехнический университет.— .— Томск: Изд-во ТПУ, 2025
Т. 2.— 2025.— С. 297-298
Další autoři: Сенькина Е. И., Дроздов Ф. С., Буяков А. С. Алесь Сергеевич, Ложкомоев А. С. Александр Сергеевич
Shrnutí:Заглавие с экрана
Текстовый файл
Jazyk:ruština
Vydáno: 2025
Témata:
On-line přístup:http://earchive.tpu.ru/handle/11683/135362
Médium: Elektronický zdroj Kapitola
KOHA link:https://koha.lib.tpu.ru/cgi-bin/koha/opac-detail.pl?biblionumber=685258

MARC

LEADER 00000naa2a2200000 4500
001 685258
005 20260326142523.0
090 |a 685258 
100 |a 20260303d2025 k||y0rusy50 ca 
101 0 |a rus 
102 |a RU 
135 |a drcn ---uucaa 
200 1 |a Композит «керамика-полимер ZrO2-PLA» как остеозамещающий материал  |f Е. И. Сенькина, Ф. С. Дроздов, А. С. Буяков, А. С. Ложкомоев 
300 |a Заглавие с экрана 
336 |a Текстовый файл 
461 1 |0 684476  |9 684476  |t Химия и химическая технология в XXI веке  |o материалы XXVI Международной научно-практической конференции студентов и молодых ученых имени выдающихся химиков Л. П. Кулёва и Н. М. Кижнера, посвященной 125-летию со дня рождения профессора Л. П. Кулёва, 19-23 мая 2025 г., г. Томск  |f Национальный исследовательский Томский политехнический университет  |c Томск  |d 2025  |n Изд-во ТПУ 
463 1 |0 684479  |9 684479  |t Т. 2  |d 2025  |v С. 297-298  |u conference_tpu-2025-C27_V2.pdf 
545 1 |a Перспективные материалы и нанотехнологии 
610 1 |a труды учёных ТПУ 
610 1 |a электронный ресурс 
610 1 |a композиты 
610 1 |a керамика-полимер 
610 1 |a остеозамещающие материалы 
701 1 |a Сенькина  |b Е. И. 
701 1 |a Дроздов  |b Ф. С. 
701 1 |a Буяков  |b А. С.  |g Алесь Сергеевич  |c специалист в области материаловедения  |c ассистент кафедры Томского политехнического университета  |f 1992-  |9 21065 
701 1 |a Ложкомоев  |b А. С.  |c специалист в области медицинских технологий  |c научный сотрудник Томского политехнического университета  |f 1982-  |g Александр Сергеевич  |9 18054 
801 0 |a RU  |b 63413507  |c 20260303  |g RCR 
850 |a 63413507 
856 4 0 |u http://earchive.tpu.ru/handle/11683/135362  |z http://earchive.tpu.ru/handle/11683/135362 
942 |c CF